000 00432nam a2200181Ia 4500
001 7965
005 20260306160534.0
008 260306t2013||||xx |||||||||||||| ||spa||
041 _aESP
082 _a364.24
_bH46
100 _aHerrero Herrero, César
_eAUT
245 0 _aTratado de criminología clínica
260 _c2013
300 _a585 páginas :
_c24 cm.
650 _aGEN
654 _aCPS
942 _cLIB
_dJUS
_fJUS
_2ddc
_n
999 _c7965
_d7965